|
|
|
|
| LEADER |
00000nam0a2200000 4500 |
| 001 |
304683 |
| 005 |
20231102001727.0 |
| 020 |
|
|
|a RU
|b 83-24140
|
| 035 |
|
|
|a (RuTPU)RU\TPU\book\329930
|
| 090 |
|
|
|a 304683
|
| 100 |
|
|
|a 20150917d1982 m y0rusy5003 ca
|
| 101 |
0 |
|
|a rus
|
| 102 |
|
|
|a RU
|
| 105 |
|
|
|a a j 001zy
|
| 200 |
1 |
|
|a Основы технологии особо чистых веществ
|e учебное пособие
|f П. И. Федоров, П. П. Федоров
|g Московский институт тонкой химической технологии им. М. В. Ломоносова (МИТХТ)
|
| 210 |
|
|
|a Москва
|c Изд-во МИХМ
|d 1982
|
| 215 |
|
|
|a 95 с.
|c ил.
|
| 300 |
|
|
|a На обл. авт. не указаны
|
| 606 |
1 |
|
|a Неорганические вещества, особо чистые
|x Получение
|2 stltpush
|3 (RuTPU)RU\TPU\subj\31872
|9 54611
|
| 610 |
1 |
|
|a химические вещества особочистые
|
| 610 |
1 |
|
|a производство
|
| 610 |
1 |
|
|a примеси
|
| 610 |
1 |
|
|a очистка
|
| 610 |
1 |
|
|a кристаллизационные методы
|
| 675 |
|
|
|a 661:54-482(075.8)
|z rus
|v 3
|
| 700 |
|
1 |
|a Федоров
|b П. И.
|g Павел Ильич
|4 070
|
| 701 |
|
1 |
|a Федоров
|b П. П.
|4 070
|
| 712 |
0 |
2 |
|a Московский институт тонкой химической технологии им. М. В. Ломоносова (МИТХТ)
|2 stltpush
|3 (RuTPU)RU\TPU\col\6342
|
| 801 |
|
0 |
|a RU
|b RuMRKP
|c 19950704
|g psbo
|
| 801 |
|
1 |
|a RU
|b 63413507
|c 20150917
|
| 801 |
|
2 |
|a RU
|b 63413507
|c 20180705
|g RCR
|
| 942 |
|
|
|c BK
|